000 00651nam a22002057a 4500
999 _c19813
_d19813
003 AR-CdUCM
008 190522b ||||| |||| 00| 0 spa d
040 _aMUNICIPALIDAD PROVINCIAL DEL CUSCO
_cBIBLIOTECA MUNICIPAL DEL CUSCO
082 _a868.5 /
_bB72
100 _aBonafoux, Luis
_941432
245 _aPríncipes y majestades /
260 _aParís :
_bLibr. P. Ollendorff,
300 _a285 páginas ;
_c18 cm.
505 _aContenido: Los chas -- Grandísimas princesas -- Mujer fatal...
650 _aEnsayos españoles
_9576
650 _aSiglo XIX
_9971
650 _aLos chas
_941433
942 _2ddc
_cLIBROS
945 _adavv
_d2019-05-22